Entry Nombre personal
001 - NÚMERO DE CONTROL
- campo de control: 93468
003 - IDENTIFICADOR DE NÚMERO DE CONTROL
- campo de control: OSt
005 - FECHA Y HORA DE LA ÚLTIMA TRANSACCIÓN
- campo de control: 20251016170018.0
008 - ELEMENTOS DE DATO DE LONGITUD-FIJA
- campo de control de longitud fija: 070412 n acnnnaaan n ann d
040 ## - FUENTE DE CATALOGACIÓN
- Centro catalogador/agencia de origen: OSt
- Centro/agencia transcriptor: OSt
100 1# - ENCABEZAMIENTO-NOMBRE DE PERSONA
- Nombre de persona: Pous i Pagès, Josep,
- Fechas asociadas al nombre: 1873-1952
400 1# - TRAZADO DE VÉASE--NOMBRE DE PERSONA
- Nombre de persona: Pous i Pagès, Josep (
- Fechas asociadas al nombre: 1873-1952)
400 1# - TRAZADO DE VÉASE--NOMBRE DE PERSONA
- Nombre de persona: Pous Pagès, José (
- Fechas asociadas al nombre: 1873-1952)
400 1# - TRAZADO DE VÉASE--NOMBRE DE PERSONA
- Nombre de persona: Pous y Pagés, J. (
- Fechas asociadas al nombre: 1873-1952)
